| 000 | 01270nam a22002897a 4500 | ||
|---|---|---|---|
| 999 |
_c29466 _d29437 |
||
| 003 | EG-ScBUE | ||
| 005 | 20210923102519.0 | ||
| 008 | 210923s2009 ua ak f b 000 0 ara d | ||
| 040 |
_aEG-ScBUE _bara _erda _cEG-ScBUE _dEG-ScBUE |
||
| 082 | 0 | 4 |
_a371.102 _bق ا س _222 |
| 100 | 1 |
_aقاسم، مجدي عبد الوهاب، _eمؤلف. |
|
| 245 | 1 | 0 |
_aتعزيز الممارسات التطبيقية في إعداد وصياغة نواتج التعلم / _cإعداد أ. د. مجدي عبد الوهاب قاسم، أ. م. د. داليا علي طه. |
| 250 | _aالإصدار الأول. | ||
| 264 | 1 |
_aالقاهرة : _bالهيئة القومية لضمان جودة التعليم والاعتماد، _c2009. |
|
| 300 |
_a189 صفحة ؛ _bإيضاحيات، أشكال ؛ _c24 سم |
||
| 336 |
_2rdacontent _aنص _btxt |
||
| 337 |
_2rdamedia _aبدون وسيط _bn |
||
| 338 |
_2rdacarrier _aمجلد _bnc |
||
| 504 | _aيشتمل على إرجاعات ببليوجرافية. | ||
| 541 | _cDonation. | ||
| 650 | 7 |
_aالتدريس الفعال. _2BUEsh |
|
| 650 | 7 |
_aالتعليم _xطرق التدريس. _2BUEsh |
|
| 653 |
_bGGEN _cSeptember2021 |
||
| 655 |
_vReading book _934232 |
||
| 700 | 1 |
_aطه، داليا علي، _eمؤلف. |
|
| 942 | _2ddc | ||